Datum a čas kvízu
33
Celkem bodů
Celkový počet nahraných bodů na tomto kvízu bez doplňovacích otázek.
8.
Pořadí na kvízu
Konečné umístění týmu na tomto kvízu.
Zaznamenané odpovědi
| # | Otázka | Odpověď | Body | Výsledky |
|---|---|---|---|---|
| 1. | Na oficiální návštěvu České re... | Finsko | 1 | |
| 2. | Americký deník The New York Ti... | C | 1 | |
| 3. | Kteří dva hudebníci společně v... | Paul McCartney a Ringo Starr | 0 | |
| 4. | Minulý týden informovala média... | B | 1 | |
| 5. | Obrovského úspěchu dosáhla Rac... | A | 0 | |
| 6. | Téma začneme jednou z nejoblíb... | Matěj Kotrba | 1 | |
| 7. | V roce 2019 jsme mohli v kinec... | Bitva u Midway (v originále Midway) | 0 | |
| 8. | Který herec si zahrál Hektóra,... | Eric Bana | 0 | |
| 9. | Půl bodu obdržíte za název fil... | Statečné srdce (Braveheart); Mel Gibson | 1 | |
| 10. | Který režisér je podepsán pod... | C | 1 |